00498 2200193 4500001002100000005001700021006001900038008004100057020002200098035002500120090001700145100002200162245002900184250001200213260002800225990001700253990001700270990001700287INLIS00000000000901920140228093434.0a ||| | 180719| ||| |  a978-979-075-381-5 a0010-101300000000246 a778.53 DEN b0 aFitryan G. Dennis00aBekerja Sebagai Produser acet, 12 aJakartabErlanggac2010 a9837/PN/2013 a9838/PN/2013 a9837/PN/2013